|
|
|
|
| LEADER |
02934nam a2200637 4500 |
| 001 |
ocn807249672 |
| 003 |
OCoLC |
| 005 |
20170124070015.1 |
| 006 |
m o d |
| 007 |
cr cnu---unuuu |
| 008 |
120821s2012 gw ob 001 0 eng d |
| 040 |
|
|
|a N$T
|b eng
|e pn
|c N$T
|d UKMGB
|d OCLCQ
|d COO
|d YDXCP
|d OCLCQ
|d UIU
|d DG1
|d OCLCF
|d CDX
|d MHW
|d EBLCP
|d DEBSZ
|d OCLCQ
|d GrThAP
|
| 016 |
7 |
|
|a 016099780
|2 Uk
|
| 019 |
|
|
|a 809775187
|a 811005775
|a 821265786
|a 882832982
|
| 020 |
|
|
|a 9783527664443
|q (electronic bk.)
|
| 020 |
|
|
|a 3527664440
|q (electronic bk.)
|
| 020 |
|
|
|a 9783527664412
|q (electronic bk.)
|
| 020 |
|
|
|a 3527664416
|q (electronic bk.)
|
| 020 |
|
|
|z 9783527333967
|
| 020 |
|
|
|z 3527333967
|
| 020 |
|
|
|z 9781283571425
|
| 020 |
|
|
|z 1283571420
|
| 024 |
8 |
|
|a 9786613883872
|
| 029 |
1 |
|
|a AU@
|b 000050378617
|
| 029 |
1 |
|
|a AU@
|b 000053010674
|
| 029 |
1 |
|
|a DEBSZ
|b 431210047
|
| 029 |
1 |
|
|a NLGGC
|b 345469259
|
| 029 |
1 |
|
|a NZ1
|b 15915035
|
| 035 |
|
|
|a (OCoLC)807249672
|z (OCoLC)809775187
|z (OCoLC)811005775
|z (OCoLC)821265786
|z (OCoLC)882832982
|
| 037 |
|
|
|a 388387
|b MIL
|
| 050 |
|
4 |
|a QD400
|
| 072 |
|
7 |
|a SCI
|x 013040
|2 bisacsh
|
| 072 |
|
7 |
|a SCI
|2 eflch
|
| 082 |
0 |
4 |
|a 547.59
|2 23
|
| 049 |
|
|
|a MAIN
|
| 245 |
0 |
0 |
|a Bioactive heterocyclic compound classes :
|b agrochemicals /
|c edited by Clemens Lamberth and Jurgen Dinges.
|
| 264 |
|
1 |
|a Weinheim :
|b Wiley-VCH ;
|c 2012.
|
| 264 |
|
2 |
|a Chichester :
|b John Wiley [distributor],
|c 2012.
|
| 300 |
|
|
|a 1 online resource (xv, 285 pages)
|
| 336 |
|
|
|a text
|b txt
|2 rdacontent
|
| 337 |
|
|
|a computer
|b c
|2 rdamedia
|
| 338 |
|
|
|a online resource
|b cr
|2 rdacarrier
|
| 504 |
|
|
|a Includes bibliographical references and index.
|
| 588 |
0 |
|
|a Print version record.
|
| 520 |
|
|
|a This volume presents important agrochemical pesticides. Each of the around 20 chapters covers in a concise manner one class of heterocycles, clearly structured as follows:* Structural formulas of most important examples (market products)* Short background of history or discovery* Typical syntheses of important examples* Mode of action* Characteristic biological activity* Structure-activity relationship* Additional chemistry information (e.g. further transformations, alternative syntheses, metabolic pathways, etc.)* References. A valuable one-stop reference source for researchers in academia and.
|
| 650 |
|
0 |
|a Heterocyclic compounds.
|
| 650 |
|
0 |
|a Agricultural chemicals.
|
| 650 |
|
7 |
|a SCIENCE
|x Chemistry
|x Organic.
|2 bisacsh
|
| 650 |
|
7 |
|a Agricultural chemicals.
|2 fast
|0 (OCoLC)fst00800518
|
| 650 |
|
7 |
|a Heterocyclic compounds.
|2 fast
|0 (OCoLC)fst00955736
|
| 655 |
|
4 |
|a Electronic books.
|
| 700 |
1 |
|
|a Lamberth, Clemens.
|
| 700 |
1 |
|
|a Dinges, Jurgen.
|
| 776 |
0 |
8 |
|i Print version:
|t Bioactive heterocyclic compound classes.
|d Weinheim : Wiley-VCH ; Chichester : John Wiley [distributor], 2012
|z 9783527333967
|
| 856 |
4 |
0 |
|u https://doi.org/10.1002/9783527664412
|z Full Text via HEAL-Link
|
| 994 |
|
|
|a 92
|b DG1
|